Moderní řízení knihoven na bázi výpočetní techniky a využití progresivních technologií Anglo-český seminář. Sborník přednášek. Dobříš, 4.-8.11.1985

Saved in:
Bibliographic Details
Format: Book
Language:Czech
Published: Praha Servis pro organizace a řízení 1985
Edition:1. vyd.
Tags: Add Tag
No Tags, Be the first to tag this record!

MARC

LEADER 00000nam a2200000 4500
001 c023266
005 20221220075804.9
041 0 |a cze 
044 |a CZ 
245 1 0 |a Moderní řízení knihoven na bázi výpočetní techniky a využití progresivních technologií  |b Anglo-český seminář. Sborník přednášek. Dobříš, 4.-8.11.1985 
250 |a 1. vyd. 
264 1 |a Praha  |b Servis pro organizace a řízení  |c 1985 
300 |a 234 s.